LEADER 01458nam a2200313 u 4500 001 000000076086 003 CaOOAMICUS 005 20070226123154.0 008 031105s1976 gw u000 u ger u 020 $a3787303561 035 $a10974999 040 $aPUL$bita 100 1 $aBrentano, Franz Clemens,$d1838-1917.$0(OLS)http://pul/name/10539 245 10$aPhilosophische Untersuchungen zu Raum, Zeit und Kontinuum /$cFranz Brentano ; aus dem Nachlass mit Anmerkungen von Alfred Kastil ; hrsg. und eingeleitet von Stephan Körner und Roderick M. Chisholm. 260 $aHamburg :$bMeiner,$c1976. 300 $aliii, 242 p. ;$c19 cm 490 1 $aPhilosophische Bibliothek ;$vBd. 293 500 $aContiene indici. 504 $aBibliografia in appendice. 700 1 $aChisholm, Roderick M.,$csuora.$0(OLS)http://pul/name/10974 700 1 $aKörner, Stephan.$0(OLS)http://pul/name/47049 700 1 $aKastil, Alfred,$d1874-1950.$0(OLS)http://pul/name/50594 830 0$aPhilosophische Bibliothek ;$vBd. 293.$0(OLS)http://pul/title/13177 850 $aPUL 852 $aPUL$W1$xSL Filosofia 1$y2$m86 B 44$j97788$nBK-PRI$b $qStampati$B97788$CPULBib$Z2$F97788 $H92520 $81 941 1 $a8 996 $6020$a3787303561$9(OLS)http://pul/number/99672 996 $6245$aPhilosophische Untersuchungen zu Raum, Zeit und Kontinuum$9(OLS)http://pul/title/99805 996 $6260$aHamburg :$bMeiner$9(OLS)http://pul/publisher/48261 LEADER 01299nam a2200301 u 4500 001 000000080074 003 CaOOAMICUS 005 20070226123616.0 008 040622s1995 it u000 u ita u 020 $a8816951028 035 $a11001501 040 $aPUL$bita 245 00$aDiscorso e verità :$bscritti in onore di Francesca Rivetti Barbò /$ca cura di Sergio Belardinelli e Gianfranco Dalmasso. 260 $aMilano :$bJaca Book,$c1995. 300 $a288 p. ;$c30 cm 490 1 $aEdizioni universitarie Jaca ;$v102 500 $aComprende indice. 504 $aBibliografia in nota. 650 4$aFilosofia.$0(OLS)http://pul/subject/362 700 1 $aDalmasso, Gianfranco,$d1943-$0(OLS)http://pul/name/26756 700 1 $aBelardinelli, Sergio.$0(OLS)http://pul/name/34707 830 0$aEdizioni universitarie Jaca ;$v102.$0(OLS)http://pul/title/101662 850 $aPUL 852 $aPUL$W1$xSL Filosofia 3$y81$m149. 943 BELSE 1$j102320$nBK-PRI$b $qDDC 21$B102320$CPULBib$Z2$F102320 $HPUL95509 $81 941 1 $a9 996 $6020$a8816951028$9(OLS)http://pul/number/105669 996 $6245$aDiscorso e verità :$bscritti in onore di Francesca Rivetti Barbò$9(OLS)http://pul/title/104888 996 $6260$aMilano :$bJaca Book$9(OLS)http://pul/publisher/47900